Art Education

محفوظ في:

التنسيق: دورية

اللغة: Undetermined

منشور في: JSTOR
National Art Education Association

الموضوعات:

الوصول للمادة أونلاين: Login to view Source

الوسوم: إضافة وسم

لا توجد وسوم, كن أول من يضع وسما على هذه التسجيلة!

رقم الطلب:

LEADER 00533nas a2200181Ia 4500
008 220214c99999999xx |||||||||||| ||und||
022 |a أبريل-25 
245 0 0 |a Art Education 
264 1 |b JSTOR 
264 1 |b National Art Education Association 
362 0 |a Vol. 1(1948)-68 (2015) 
653 1 0 |a Arts 
653 1 0 |a Education 
653 1 0 |a Social Sciences 
856 4 0 |u https://www.jstor.org/journal/arteducation 
942 |c JL 
952 |0 0  |1 0  |4 0  |7 1  |9 34045  |a JSR  |b JSR  |d 2022-02-14  |l 0  |r 2022-02-14 00:00:00  |w 2022-02-14  |y JL 
999 |c 42378  |d 42378